• Ballestrero, Barbieri, Biffi, Colombo, Dalla Mutta, Giglioni, Magrassi, Mazzarello, Pedemonte, Ponzini, Ricchetti, Saldarini, Siri

di Personal Name

Records bibliografici associati: 1

001 - CONTROL NUMBER

  • control field: 29292

003 - CONTROL NUMBER IDENTIFIER

  • control field: IT-RoPau

005 - DATE AND TIME OF LATEST TRANSACTION

  • control field: 20140613124215.0

008 - FIXED-LENGTH DATA ELEMENTS

  • fixed length control field: 140613|| aca||aabn | a|a d

040 ## - CATALOGING SOURCE

  • Original cataloging agency: IT-RoPau
  • Transcribing agency: IT-RoPau

100 ## - HEADING--PERSONAL NAME

  • Personal name: Ballestrero, Barbieri, Biffi, Colombo, Dalla Mutta, Giglioni, Magrassi, Mazzarello, Pedemonte, Ponzini, Ricchetti, Saldarini, Siri

670 ## - SOURCE DATA FOUND

  • Source citation: Work cat.: (IT-RoPau)1736: Ballestrero, Barbieri, Biffi, Colombo, Dalla Mutta, Giglioni, Magrassi, Mazzarello, Pedemonte, Ponzini, Ricchetti, Saldarini, Siri, Liturgia spirito e vita, 1982
CREDITS: SOCIETA' SAN PAOLO Via A.Severo, 58 - ROMA (RM) & PERIODICI SAN PAOLO SRL Via Giotto, 36 MILANO & CISF Via Giotto, 36 MILANO & EDIZIONI SAN PAOLO SRL,  Piazza Soncino, 5 CINISELLO BALSAMO (MI) -- ITALY